000 00463nam a2200157Ia 4500
005 20250329100554.0
008 231217s9999 xx 000 0 und d
020 _a9788131403273
082 _a330.9 CHO;1 R
100 _aChowdary, Nagendra V ed.
245 0 _aEconomic crises in russia and latin america : issues and perspectives
260 _c2005
_bIcfai
_aHyderabad
300 _aix, 212
650 _aEconomic,crises,russia,latin,america
942 _cAA
999 _c188586
_d188586